000 00367nam a2200145 i 4500
001 bg
100 1 _aCHOJNACKI, Wiktor
245 0 _aUkłady scalone w urządzeniach krótkofalarskich /
_cWiktor Chojnacki.
260 _aWarszawa,
_c1975.
040 _cBPK
041 _apol
080 _a621.396:621.38
942 _cKS
008 s pl f |000 0 pol
999 _c16239
_d16239
856 _uhttp://koha.tu.koszalin.pl/cgi-bin/koha/opac-detail.pl?biblionumber=16239
_yKatalog online BPK